[Event "Kingston Canada zt"]
[Site "Kingston"]
[Date "2022.04.17"]
[Round "7"]
[White "Tanaka, Taira Tyler"]
[Black "Nicula, Marius"]
[Result "1-0"]
[WhiteElo "2113"]
[BlackElo "2186"]
[PlyCount "47"]
[EventDate "2022.04.13"]
[EventType "swiss"]
[EventRounds "9"]
[EventCountry "CAN"]
[SourceTitle "CBM 207 Extra"]
[Source "ChessBase"]
[SourceDate "2022.05.31"]
[SourceVersion "1"]
[SourceVersionDate "2022.05.31"]
[SourceQuality "1"]

1. e4 e6 2. d4 d5 3. Nd2 Be7 4. c3 dxe4 5. Nxe4 Nd7 6. Nf3 Ngf6 7. Bd3 c5 8. Nxc5 Nxc5 9. dxc5 Bxc5 10. 0-0 0-0 11. Ne5 h6 12. Re1 Bd7 13. Qf3 Bc6 14. Nxc6 bxc6 15. Rd1 Qe7 16. Bf4 Nd5 17. Bg3 a5 18. a3 Qb7 19. c4 Nf6 20. Be5 Be7 21. h4 Nd7 22. Bc3 Rfd8 23. Be4 Nc5 24. Bxc6 1-0

[Event "Titled Tuesday intern op 4th Aug 10am"]
[Site "Chess.com INT"]
[Date "2020.08.04"]
[Round "7"]
[White "Omariev, Maksim"]
[Black "Nicula, Marius"]
[Result "1-0"]
[WhiteElo "2304"]
[BlackElo "2186"]
[PlyCount "49"]
[EventDate "2020.08.04"]
[EventType "swiss (blitz)"]
[EventRounds "10"]
[EventCountry "USA"]
[SourceTitle "CBM 197 Extra"]
[Source "ChessBase"]
[SourceDate "2020.09.30"]
[SourceVersion "1"]
[SourceVersionDate "2020.09.30"]
[SourceQuality "1"]

1. g4 d5 2. Bg2 Bxg4 3. c4 c6 4. Qb3 Qb6 5. cxd5 Qxb3 6. axb3 cxd5 7. Bxd5 Nc6 8. Nc3 Nf6 9. Nf3 Nxd5 10. Nxd5 0-0-0 11. Ne3 Bxf3 12. exf3 a6 13. Nc2 e6 14. Ke2 Be7 15. d3 Bf6 16. Ra2 Rd7 17. Rd1 Rhd8 18. Be3 Kb8 19. Bb6 Rc8 20. Rd2 Ne5 21. Ne3 Ng6 22. Nc4 Nf4+ 23. Kf1 Rxd3 24. Be3 Rxd2 25. Bxf4+ 1-0

[Event "CAN-ch International"]
[Site "Longueuil"]
[Date "2019.10.13"]
[Round "5"]
[White "Steel, Henry Robert"]
[Black "Nicula, Marius"]
[Result "1-0"]
[WhiteElo "2419"]
[BlackElo "2208"]
[PlyCount "57"]
[EventDate "2019.10.11"]
[EventType "swiss"]
[EventRounds "5"]
[EventCountry "CAN"]
[SourceTitle "CBM 192 Extra"]
[Source "Chessbase"]
[SourceDate "2019.11.06"]
[SourceVersion "1"]
[SourceVersionDate "2019.11.06"]
[SourceQuality "1"]

1. e4 g6 2. Nc3 Bg7 3. h4 h5 4. d4 c6 5. Nge2 d6 6. Be3 Nf6 7. f3 Qc7 8. Qd2 Nbd7 9. a4 b6 10. Nf4 e5 11. dxe5 dxe5 12. Nh3 Nf8 13. Ng5 Ne6 14. Bc4 Qe7 15. 0-0-0 Bd7 16. Qd6 Qxd6 17. Rxd6 Bf8 18. Rd3 Be7 19. Rhd1 Rd8 20. a5 Rb8 21. Na4 b5 22. Bxe6 Bxe6 23. Nxe6 bxa4 24. Bxa7 Rb7 25. Rd8+ Bxd8 26. Rxd8+ Ke7 27. Bc5+ Kxe6 28. Rxh8 Rb5 29. a6 1-0

[Event "Trois-Rivieres op"]
[Site "Trois Rivieres"]
[Date "2018.03.18"]
[Round "5.3"]
[White "Rodrigue Lemieux, Shawn"]
[Black "Nicula, Marius"]
[Result "1-0"]
[WhiteElo "2317"]
[BlackElo "2187"]
[PlyCount "67"]
[EventDate "2018.03.16"]
[EventType "swiss"]
[EventRounds "5"]
[EventCountry "CAN"]
[SourceTitle "EXT 2022"]
[Source "ChessBase"]
[SourceDate "2021.10.06"]
[SourceVersion "1"]
[SourceVersionDate "2021.10.06"]
[SourceQuality "1"]

1. e4 g6 2. Nc3 Bg7 3. Bc4 e6 4. Nf3 Ne7 5. d4 d5 6. Bd3 b6 7. 0-0 0-0 8. exd5 exd5 9. Re1 Nbc6 10. Bg5 Be6 11. Bb5 Qd6 12. Qd2 a6 13. Bf1 Rfe8 14. Bf4 Qd7 15. Ne5 Nxe5 16. dxe5 c5 17. Rad1 Qc7 18. h3 b5 19. Bg3 b4 20. Na4 Qa5 21. b3 Bd7 22. Bh4 Nf5 23. Bf6 Bxa4 24. bxa4 Nd4 25. Bxg7 Kxg7 26. e6 fxe6 27. Qf4 Nxc2 28. Re2 Nd4 29. Ree1 Ra7 30. Rxd4 e5 31. Rxe5 Rf7 32. Qg3 Ref8 33. Rdxd5 Rxf2 34. Re7+ 1-0

[Event "Trois-Rivieres op"]
[Site "Trois Rivieres"]
[Date "2018.03.17"]
[Round "2.14"]
[White "Nicula, Marius"]
[Black "Trottier, Yves"]
[Result "1/2-1/2"]
[WhiteElo "2187"]
[BlackElo "1861"]
[PlyCount "98"]
[EventDate "2018.03.16"]
[EventType "swiss"]
[EventRounds "5"]
[EventCountry "CAN"]
[SourceTitle "EXT 2022"]
[Source "ChessBase"]
[SourceDate "2021.10.06"]
[SourceVersion "1"]
[SourceVersionDate "2021.10.06"]
[SourceQuality "1"]

1. Nf3 d5 2. g3 Nf6 3. Bg2 e6 4. c4 Be7 5. d4 0-0 6. 0-0 b6 7. Nc3 Bb7 8. Ne5 Nbd7 9. Qa4 Nxe5 10. dxe5 Ne4 11. Nxe4 dxe4 12. Rd1 Qe8 13. Qc2 Rd8 14. Rxd8 Qxd8 15. Be3 Qa8 16. c5 Bd5 17. Rc1 Rb8 18. c6 Rd8 19. Bxe4 Bxe4 20. Qxe4 Rd5 21. Bd4 Qf8 22. Kg2 Bc5 23. Bxc5 bxc5 24. Qa4 Qb8 25. Qa6 Rd8 26. Qb7 Qxb7 27. cxb7 Rb8 28. Rxc5 Rxb7 29. b3 Kf8 30. Kf3 Ke7 31. Ke4 Kd7 32. Kd4 Rb4+ 33. Rc4 Rb5 34. e4 Kc8 35. f4 Kb7 36. b4 a5 37. a3 c6 38. Rc5 axb4 39. Rxb5+ cxb5 40. axb4 Kb6 41. g4 h6 42. h4 g6 43. Ke3 Kc7 44. h5 gxh5 45. Kf3 Kd7 46. f5 Ke7 47. f6+ Ke8 48. Kg3 Kf8 49. gxh5 Ke8 1/2-1/2

[Event "Montreal op"]
[Site "Montreal"]
[Date "2016.09.11"]
[Round "4"]
[White "Nicula, Marius"]
[Black "Soudre, Nicolas"]
[Result "1/2-1/2"]
[WhiteElo "2170"]
[BlackElo "2072"]
[PlyCount "48"]
[EventDate "2016.09.09"]
[EventType "swiss"]
[EventRounds "5"]
[EventCountry "CAN"]
[SourceTitle "CBM 174 Extra"]
[Source "ChessBase"]
[SourceDate "2016.10.10"]
[SourceVersion "1"]
[SourceVersionDate "2016.10.10"]
[SourceQuality "1"]

1. e4 e6 2. d4 d5 3. Nc3 Bb4 4. e5 c5 5. Bd2 a6 6. a3 Bxc3 7. Bxc3 cxd4 8. Qxd4 Ne7 9. Nf3 Bd7 10. Qg4 Ng6 11. Bd3 Bb5 12. Bxb5+ axb5 13. Nd4 Qb6 14. 0-0-0 0-0 15. Qe2 Nc6 16. Nxb5 Ngxe5 17. Bd4 Qa6 18. Bxe5 Nxe5 19. Qxe5 Qxb5 20. Rd4 Ra4 21. Rhd1 Rxd4 22. Qxd4 Rc8 23. Rd3 f6 24. Kb1 Qc4 1/2-1/2

[Event "Montreal Varennes op"]
[Site "Montreal"]
[Date "2015.11.09"]
[Round "4.5"]
[White "Duong, Thanh Nha"]
[Black "Nicula, Marius"]
[Result "0-1"]
[WhiteElo "2203"]
[BlackElo "2330"]
[PlyCount "136"]
[EventDate "2015.11.07"]
[EventType "swiss"]
[EventRounds "5"]
[EventCountry "CAN"]
[SourceTitle "EXT 2019"]
[Source "ChessBase"]
[SourceDate "2018.10.10"]
[SourceVersion "1"]
[SourceVersionDate "2018.10.10"]
[SourceQuality "1"]

1. Nf3 d5 2. c4 c6 3. g3 g6 4. Bg2 Bg7 5. 0-0 Nf6 6. d4 dxc4 7. Ne5 Be6 8. Na3 Bd5 9. f3 b5 10. Bh3 Nbd7 11. Nxd7 Nxd7 12. e4 Be6 13. Bxe6 fxe6 14. Be3 Nb6 15. Nc2 e5 16. Qd2 exd4 17. Nxd4 Qd7 18. Rad1 e5 19. Nc2 Qxd2 20. Rxd2 Rd8 21. Rfd1 Rxd2 22. Rxd2 Bf8 23. f4 Na4 24. b3 cxb3 25. axb3 Nc5 26. b4 Nxe4 27. Re2 Nc3 28. Re1 Nd5 29. Bd2 Kd7 30. fxe5 Be7 31. Ra1 Ra8 32. Rd1 Rc8 33. Nd4 Bxb4 34. Bxb4 Nxb4 35. Nxb5+ Ke6 36. Nd6 Rc7 37. Nc4 Nd5 38. Rb1 Nb6 39. Nxb6 axb6 40. Rxb6 Kxe5 41. Kf2 Kd4 42. Ke2 Kc3 43. Kd1 c5 44. Rf6 Rd7+ 45. Kc1 c4 46. Rf3+ Kb4 47. Rf2 Re7 48. Rb2+ Kc3 49. Rc2+ Kd3 50. Rd2+ Ke3 51. Kd1 Ra7 52. Re2+ Kd3 53. Rd2+ Kc3 54. Rc2+ Kb3 55. Kd2 Rd7+ 56. Kc1 c3 57. Rf2 Ra7 58. Kb1 c2+ 59. Rxc2 Ra1+ 60. Kxa1 Kxc2 61. Ka2 Kd3 62. Kb3 Ke3 63. Kc4 Kf3 64. Kd4 Kg2 65. Ke4 Kxh2 66. Kf4 Kh3 67. Kf3 g5 68. g4 h6 0-1

[Event "Montreal Varennes op"]
[Site "Montreal"]
[Date "2015.11.09"]
[Round "5.3"]
[White "Nicula, Marius"]
[Black "Yu, Zong Yang"]
[Result "0-1"]
[WhiteElo "2203"]
[BlackElo "2376"]
[PlyCount "88"]
[EventDate "2015.11.07"]
[EventType "swiss"]
[EventRounds "5"]
[EventCountry "CAN"]
[SourceTitle "EXT 2019"]
[Source "ChessBase"]
[SourceDate "2018.10.10"]
[SourceVersion "1"]
[SourceVersionDate "2018.10.10"]
[SourceQuality "1"]

1. Nf3 Nf6 2. c4 e6 3. g3 d5 4. Bg2 dxc4 5. Qa4+ Nbd7 6. 0-0 a6 7. Qxc4 c5 8. Qc2 b5 9. a4 Bb7 10. d3 Be7 11. axb5 axb5 12. Rxa8 Qxa8 13. Nc3 Bc6 14. Bg5 0-0 15. Rc1 h6 16. Bxf6 Nxf6 17. Ne1 Nd5 18. Ne4 Rc8 19. Qb3 Nb6 20. Nc3 b4 21. Bxc6 Qxc6 22. Nd1 Qd5 23. Qc2 Bg5 24. e3 c4 25. Qe2 Bf6 26. dxc4 Rxc4 27. Rxc4 Nxc4 28. Nd3 Ne5 29. Nxe5 Bxe5 30. e4 Qb3 31. Kg2 g6 32. Qd2 h5 33. f4 Bf6 34. e5 Be7 35. Nf2 Qc4 36. Qd7 Kf8 37. Qd3 Qc6+ 38. Qf3 Qc2 39. b3 Bc5 40. Kf1 Bxf2 41. Qxf2 Qxb3 42. Qc5+ Kg7 43. Qe7 Qd3+ 44. Kg2 b3 0-1

[Event "Laval op"]
[Site "Laval"]
[Date "2015.06.20"]
[Round "3"]
[White "Duong, Thanh Nha"]
[Black "Nicula, Marius"]
[Result "1/2-1/2"]
[WhiteElo "2277"]
[BlackElo "2164"]
[PlyCount "83"]
[EventDate "2015.06.19"]
[EventType "swiss"]
[EventRounds "5"]
[EventCountry "CAN"]
[SourceTitle "EXT 2019"]
[Source "ChessBase"]
[SourceDate "2018.10.10"]
[SourceVersion "1"]
[SourceVersionDate "2018.10.10"]
[SourceQuality "1"]

1. c4 e6 2. Nc3 d5 3. d4 f5 4. g3 Nf6 5. Bg2 c6 6. Nh3 Be7 7. 0-0 0-0 8. b3 Qe8 9. Bb2 b6 10. Nf4 Bd6 11. Nd3 Nbd7 12. Qc2 Bb7 13. Rac1 g5 14. e3 Rc8 15. Rfe1 Qg6 16. f4 h6 17. Ne5 Qg7 18. Qb1 Rfe8 19. a4 Bb4 20. Re2 Nxe5 21. fxe5 Ne4 22. Nxe4 fxe4 23. Bc3 Bxc3 24. Rxc3 c5 25. Qc1 g4 26. cxd5 cxd4 27. exd4 Rxc3 28. Qxc3 exd5 29. Rf2 Rc8 30. Qe3 Rf8 31. Bf1 Rxf2 32. Qxf2 Qg5 33. Qf4 Bc8 34. Bb5 a5 35. Kf2 Be6 36. Bc6 Kg7 37. Ke3 Kg8 38. Bb5 Kg7 39. Kd2 Kg8 40. Kc3 Kg7 41. Be2 Kg6 42. Qxg5+ 1/2-1/2

[Event "Laval op"]
[Site "Laval "]
[Date "2014.06.21"]
[Round "2"]
[White "Nicula, Marius"]
[Black "Turcotte, Jonathan"]
[Result "1-0"]
[WhiteElo "2190"]
[BlackElo "1995"]
[PlyCount "55"]
[EventDate "2014.06.20"]
[EventType "swiss"]
[EventRounds "5"]
[EventCountry "CAN"]
[SourceTitle "EXT 2015"]
[Source "ChessBase"]
[SourceDate "2014.11.20"]
[SourceVersion "1"]
[SourceVersionDate "2014.11.20"]
[SourceQuality "1"]

1. Nf3 d5 2. g3 Bg4 3. Bg2 e6 4. c4 c6 5. Qb3 Qb6 6. d3 Nd7 7. Be3 Qxb3 8. axb3 a6 9. h3 Bh5 10. g4 Bg6 11. Nh4 Bb4+ 12. Bd2 Bxd2+ 13. Nxd2 Ne7 14. b4 0-0 15. f4 f6 16. Nxg6 hxg6 17. h4 Kf7 18. Kf2 Rh8 19. Kg3 e5 20. Rhf1 Ke6 21. Nf3 exf4+ 22. Kxf4 Ne5 23. Nxe5 fxe5+ 24. Kg5 Rhf8 25. h5 gxh5 26. gxh5 dxc4 27. dxc4 Rf5+ 28. Rxf5 1-0

[Event "Montreal op"]
[Site "Montreal"]
[Date "2013.09.07"]
[Round "3"]
[White "Zhou, Qiyu"]
[Black "Nicula, Marius"]
[Result "0-1"]
[WhiteElo "2007"]
[BlackElo "2184"]
[PlyCount "60"]
[EventDate "2013.09.06"]
[EventType "swiss"]
[EventRounds "5"]
[EventCountry "CAN"]
[SourceTitle "EXT 2022"]
[Source "ChessBase"]
[SourceDate "2021.10.06"]
[SourceVersion "1"]
[SourceVersionDate "2021.10.06"]
[SourceQuality "1"]

1. e4 e6 2. d4 d5 3. Nc3 Nf6 4. Bg5 dxe4 5. Nxe4 Be7 6. Bxf6 gxf6 7. Nf3 f5 8. Ned2 c5 9. c3 Nc6 10. Nb3 cxd4 11. Nbxd4 Bd7 12. Bd3 Qb6 13. Qe2 Nxd4 14. Nxd4 0-0-0 15. 0-0 Bd6 16. a4 Qc7 17. h3 Rhg8 18. Nb5 Bxb5 19. axb5 Bc5 20. Kh1 Qf4 21. b4 Bb6 22. c4 Bd4 23. Ra3 Rxg2 24. Kxg2 Rg8+ 25. Kh1 Be5 26. f3 Qg3 27. Bxf5 exf5 28. f4 Qxa3 29. Rf3 Qa1+ 30. Rf1 Qb2 0-1

[Event "Quebec-ch classe"]
[Site "Montreal"]
[Date "2013.01.19"]
[Round "3.7"]
[White "Auger, Bertrand"]
[Black "Nicula, Marius"]
[Result "0-1"]
[WhiteElo "1978"]
[BlackElo "2207"]
[PlyCount "62"]
[EventDate "2013.01.18"]
[EventType "swiss"]
[EventRounds "5"]
[EventCountry "CAN"]
[SourceTitle "EXT 2022"]
[Source "ChessBase"]
[SourceDate "2021.10.06"]
[SourceVersion "1"]
[SourceVersionDate "2021.10.06"]
[SourceQuality "1"]

1. Nf3 e6 2. g3 d5 3. Bg2 Nf6 4. 0-0 c5 5. c4 dxc4 6. Qa4+ Bd7 7. Qxc4 Bc6 8. Nc3 Nbd7 9. d3 Be7 10. Bf4 0-0 11. Qb3 a6 12. a4 b5 13. Rfc1 Qb6 14. Qc2 Rac8 15. a5 Qb7 16. Ne4 Nxe4 17. dxe4 c4 18. Nd4 Nc5 19. Nxc6 Qxc6 20. Rd1 Nb3 21. Rab1 Nxa5 22. Bd6 Bxd6 23. e5 Qc5 24. Rxd6 Qxe5 25. Rxa6 Nb3 26. Rd1 Rfd8 27. e3 Rxd1+ 28. Qxd1 Qxb2 29. Qd7 Rf8 30. Qxb5 Qc1+ 31. Bf1 Nd2 0-1

[Event "Montreal-ch op"]
[Site "Montreal"]
[Date "2012.09.08"]
[Round "2"]
[White "Zhu, Hong Rui"]
[Black "Nicula, Marius"]
[Result "0-1"]
[WhiteElo "2009"]
[BlackElo "2206"]
[PlyCount "72"]
[EventDate "2012.09.07"]
[EventType "swiss"]
[EventRounds "5"]
[EventCountry "CAN"]
[SourceTitle "EXT 2013"]
[Source "ChessBase"]
[SourceDate "2012.11.22"]
[SourceVersion "1"]
[SourceVersionDate "2012.11.22"]
[SourceQuality "1"]

1. e4 e6 2. d4 d5 3. e5 c5 4. c3 Nc6 5. Nf3 Qb6 6. a3 c4 7. Nbd2 f6 8. exf6 Nxf6 9. g3 Bd6 10. Bh3 0-0 11. 0-0 e5 12. Bxc8 Raxc8 13. dxe5 Nxe5 14. Nxe5 Bxe5 15. Nf3 Rce8 16. Rb1 Bxc3 17. Be3 Rxe3 18. fxe3 Qxe3+ 19. Kg2 Ba5 20. Qd4 Re8 21. Rbd1 Qb3 22. Ng1 Re4 23. Qc5 Bb6 24. Qc8+ Re8 25. Qxb7 Qxb2+ 26. Kh1 Qxa3 27. Qc6 Qe7 28. Nf3 Qc5 29. Qa4 h6 30. Nh4 Re2 31. Rde1 Rxe1 32. Rxe1 d4 33. h3 d3 34. Ng6 Kh7 35. Nf4 Qf2 36. Rb1 Ne4 0-1

[Event "Quebec-ch opB"]
[Site "Montreal"]
[Date "2010.07.30"]
[Round "8"]
[White "Berube, Antoine"]
[Black "Nicula, Marius"]
[Result "1-0"]
[WhiteElo "2093"]
[BlackElo "2183"]
[PlyCount "99"]
[EventDate "2010.07.24"]
[EventType "swiss"]
[EventRounds "9"]
[EventCountry "CAN"]
[SourceTitle "EXT 2013"]
[Source "ChessBase"]
[SourceDate "2012.11.22"]
[SourceVersion "1"]
[SourceVersionDate "2012.11.22"]
[SourceQuality "1"]

1. d4 e6 2. c4 f5 3. g3 Nf6 4. Bg2 d5 5. Nh3 c6 6. 0-0 Be7 7. Nd2 0-0 8. Qc2 Bd7 9. Nf3 Ne4 10. Nf4 g5 11. Nd3 Be8 12. Nfe5 Nd7 13. b4 Nd6 14. Rb1 Nxe5 15. Nxe5 Bf6 16. c5 Nf7 17. Bb2 Nxe5 18. dxe5 Bg7 19. Bd4 f4 20. Rb3 Bg6 21. Qb2 a6 22. a4 Be8 23. Bh3 Bd7 24. Kh1 Qe8 25. gxf4 Rxf4 26. Rg3 h6 27. e3 Rh4 28. f4 Qg6 29. Rfg1 Rf8 30. Bf1 g4 31. Qd2 Qe4+ 32. Qg2 Qxg2+ 33. R1xg2 h5 34. Kg1 Kh8 35. Bd3 Rf7 36. Rb2 Be8 37. b5 axb5 38. axb5 Bd7 39. b6 Rf8 40. Ra2 Rg8 41. Ra7 Bc8 42. Ra8 Rh3 43. Kg2 Rh4 44. Kg1 Rh3 45. Rxh3 gxh3 46. Kf2 Bd7 47. Rxg8+ Kxg8 48. Kg3 Bf8 49. Kh4 Kg7 50. Kxh5 1-0

[Event "Quebec-ch opB"]
[Site "Montreal"]
[Date "2010.07.29"]
[Round "7"]
[White "Nicula, Marius"]
[Black "Libersan, Thierry"]
[Result "1-0"]
[WhiteElo "2183"]
[BlackElo "2118"]
[PlyCount "35"]
[EventDate "2010.07.24"]
[EventType "swiss"]
[EventRounds "9"]
[EventCountry "CAN"]
[SourceTitle "EXT 2013"]
[Source "ChessBase"]
[SourceDate "2012.11.22"]
[SourceVersion "1"]
[SourceVersionDate "2012.11.22"]
[SourceQuality "1"]

1. e4 c5 2. Nf3 e6 3. c3 d5 4. e5 Ne7 5. d4 Nec6 6. Bd3 Be7 7. 0-0 b6 8. Re1 Nd7 9. dxc5 bxc5 10. c4 d4 11. Bf4 Rb8 12. Nbd2 Qc7 13. b3 h6 14. Ne4 Ncxe5 15. Nxe5 Nxe5 16. Qh5 Bf6 17. Nxf6+ gxf6 18. Rxe5 1-0

[Event "Canadian op"]
[Site "Montreal"]
[Date "2008.07.27"]
[Round "9"]
[White "Nicula, Marius"]
[Black "Barbeau, Sylvain"]
[Result "0-1"]
[WhiteElo "2209"]
[BlackElo "2367"]
[PlyCount "84"]
[EventDate "2008.07.19"]
[EventType "swiss"]
[EventRounds "9"]
[EventCountry "CAN"]
[SourceTitle "EXT 2009"]
[Source "ChessBase"]
[SourceDate "2008.11.26"]
[SourceVersion "1"]
[SourceVersionDate "2008.11.26"]
[SourceQuality "1"]

1. e4 e5 2. Nf3 Nc6 3. Nc3 Nf6 4. Bb5 Nd4 5. Ba4 Bc5 6. 0-0 0-0 7. d3 d6 8. Nxd4 Bxd4 9. Be3 Bxe3 10. fxe3 c6 11. Bb3 d5 12. Qf3 dxe4 13. Nxe4 Nd5 14. Qg3 Kh8 15. Qxe5 Nxe3 16. Rf3 Ng4 17. Qc5 f6 18. Raf1 Nh6 19. h3 Bd7 20. g4 b6 21. Qf2 Nf7 22. Bxf7 Rxf7 23. g5 f5 24. h4 Qe7 25. Ng3 Raf8 26. Nh5 Qd6 27. Nf4 Re7 28. h5 Rfe8 29. d4 Bc8 30. b3 Re4 31. Rd1 Kg8 32. c4 Qe7 33. Qg3 Qd8 34. d5 cxd5 35. h6 d4 36. hxg7 Bb7 37. Nh5 Rg4 38. Nf6+ Qxf6 39. Qxg4 Bxf3 40. Qxf3 Qxg5+ 41. Qg2 Qe3+ 42. Qf2 Re4 0-1

[Event "Canadian op"]
[Site "Montreal"]
[Date "2008.07.26"]
[Round "8"]
[White "Tayar, Jonathan"]
[Black "Nicula, Marius"]
[Result "0-1"]
[WhiteElo "2293"]
[BlackElo "2209"]
[PlyCount "140"]
[EventDate "2008.07.19"]
[EventType "swiss"]
[EventRounds "9"]
[EventCountry "CAN"]
[SourceTitle "CBM 125 Extra"]
[Source "ChessBase"]
[SourceDate "2008.09.01"]
[SourceVersion "1"]
[SourceVersionDate "2008.09.01"]
[SourceQuality "1"]

1. e4 e6 2. d4 d5 3. Nc3 Nf6 4. Bg5 Be7 5. e5 Nfd7 6. Bxe7 Qxe7 7. f4 a6 8. Nf3 c5 9. dxc5 Nc6 10. Qd2 Nxc5 11. Bd3 Bd7 12. 0-0 f5 13. exf6 Qxf6 14. Rae1 0-0-0 15. Kh1 h6 16. Ne5 Nxe5 17. fxe5 Qe7 18. b4 Nxd3 19. cxd3 Qxb4 20. Rb1 Qa5 21. Qb2 Bc6 22. Ne2 d4 23. Rfc1 Qb5 24. Qa3 Qxe5 25. Qb4 Qb5 26. Qe7 Rd7 27. Qxe6 Qd5 28. Qh3 Rf8 29. Ng3 Kb8 30. Ne4 Ka7 31. a4 Qf5 32. Qh4 Bxe4 33. dxe4 Qf4 34. Qe1 d3 35. Rb2 d2 36. Qg1+ Ka8 37. Rd1 Rfd8 38. Rb4 Re8 39. Qc5 Rc7 40. Qd5 Qf2 41. Rbb1 Qe3 42. e5 Rxe5 43. Qxd2 Qxd2 44. Rxd2 Ka7 45. h3 a5 46. Rd4 Rec5 47. Kg1 Rc4 48. Rbd1 Rxd4 49. Rxd4 Rf7 50. Rd5 Kb6 51. Rd4 Kc5 52. Rg4 g5 53. h4 Rf4 54. Rg3 Rxh4 55. Rb3 Rxa4 56. Rxb7 Rb4 57. Ra7 Kb5 58. Kf2 Rc4 59. Ke3 Rc6 60. Kd4 a4 61. g3 Rd6+ 62. Kc3 Rf6 63. g4 Rf3+ 64. Kb2 Rf4 65. Rh7 Rxg4 66. Rxh6 Kc5 67. Kc3 Rg3+ 68. Kd2 a3 69. Ra6 a2 70. Ke2 Rg1 0-1